| 000 | 00951cam a2200301 a 4500 | ||
|---|---|---|---|
| 001 | 30307 | ||
| 005 | 20230410124133.0 | ||
| 008 | 050505s2005 ii a b 000 0 eng | ||
| 035 | _a13952183 | ||
| 925 | 0 |
_aacquire _b1 shelf copy _xpolicy default |
|
| 942 |
_2lcc _cbk |
||
| 010 | _a 2005320651 | ||
| 020 | _a8182900336 | ||
| 040 |
_aDLC _cDLC |
||
| 042 | _alcode | ||
| 043 | _aa-ii--- | ||
| 050 | 1 | 4 |
_aNA 6007 _bK45t 2005 |
| 100 | 1 | _aKhare, Ajay. | |
| 245 | 1 | 0 |
_aTemple architecture of eastern India / _ctext, photographs, and drawings by Ajay Khare ; foreword by George Michell. |
| 250 | _a1st ed. | ||
| 260 |
_aGurgaon : _bShubhi Publications, _c2005. |
||
| 300 |
_a212 p. : _bill. (some col.) ; _c31 cm. |
||
| 504 | _aIncludes bibliographical references (p. 208-212). | ||
| 650 | 0 |
_aTemples, Hindu _zIndia, Northeastern. |
|
| 650 | 0 |
_aArchitecture, Hindu _zIndia, Northeastern. |
|
| 650 | 0 |
_aArchitecture _xDetails |
|
| 985 | _eODE-nd | ||
| 999 |
_c71747 _d71747 |
||